| 000 | 00464nam a2200181 a 4500 | ||
|---|---|---|---|
| 001 | 2952 | ||
| 003 | CO-ViMGA | ||
| 008 | 141112s2004 ck r 000 u spa d | ||
| 040 |
_aCO-ViMGA _bspa _cCO-ViMGA |
||
| 082 | 0 | 4 | _a791.53 E721 |
| 100 | 1 |
_aEscalada Salvo, Rosita _952162 |
|
| 245 | 1 | 0 | _aTaller de tÃteres |
| 260 |
_aBuenos Aires : _bAique didáctica, _c1993 |
||
| 300 | _a175 p | ||
| 650 | 1 | 4 |
_aTEATRO DE TITERES _952163 |
| 650 | 1 | 4 | _aTITERES |
| 942 |
_2ddc _cBK |
||
| 999 |
_c15017 _d15017 |
||